[Event "Arco op 37th"]
[Site "Arco"]
[Date "2015.10.10"]
[Round "1"]
[White "Castellano, Alfonso"]
[Black "Degaudenz, Fabio"]
[Result "0-1"]
[WhiteElo "1938"]
[BlackElo "1555"]
[PlyCount "74"]
[EventDate "2015.10.10"]
[EventType "swiss"]
[EventRounds "9"]
[EventCountry "ITA"]
[SourceTitle "CBM 168 Extra"]
[Source "ChessBase"]
[SourceDate "2015.10.29"]
[SourceVersion "1"]
[SourceVersionDate "2015.10.29"]
[SourceQuality "1"]

1. c4 c5 2. g3 Nc6 3. Bg2 g6 4. Nc3 Bg7 5. Nf3 d6 6. 0-0 Nf6 7. d4 cxd4 8. Nxd4 Nxd4 9. Qxd4 0-0 10. Qd3 Rb8 11. b3 Bf5 12. Qe3 Ng4 13. Qd2 Bh6 14. Qe1 Bg7 15. Bb2 Qc8 16. e4 Bd7 17. Nd5 Re8 18. Bxg7 Kxg7 19. Rc1 Ne5 20. f4 Qc5+ 21. Kh1 Ng4 22. h3 Nf6 23. Qc3 Kg8 24. Nxe7+ Rxe7 25. Qxf6 Re6 26. Qc3 Rc8 27. f5 Re5 28. fxg6 hxg6 29. Rf6 Be6 30. Qd2 Kg7 31. Rcf1 Rc7 32. R6f4 Rh5 33. g4 Rh8 34. Qb2+ Qe5 35. Qd2 g5 36. Rf5 Bxf5 37. Qxg5+ Bg6 0-1

[Event "Wroclaw op-A 7th"]
[Site "Wroclaw"]
[Date "2012.07.07"]
[Round "6"]
[White "Wasylkiewicz, Andrzej"]
[Black "Castellano, Alfonso"]
[Result "1-0"]
[WhiteElo "1907"]
[BlackElo "1977"]
[PlyCount "53"]
[EventDate "2012.07.02"]
[EventType "swiss"]
[EventRounds "9"]
[EventCountry "POL"]
[SourceTitle "CBM 149 Extra"]
[Source "ChessBase"]
[SourceDate "2012.08.24"]
[SourceVersion "1"]
[SourceVersionDate "2012.08.24"]
[SourceQuality "1"]

1. e4 c5 2. Nc3 Nc6 3. g3 g6 4. Bg2 Bg7 5. d3 d6 6. Be3 e5 7. Nge2 Nge7 8. Qd2 Rb8 9. Bh6 0-0 10. h4 b5 11. h5 f5 12. hxg6 hxg6 13. Bxg7 Kxg7 14. Qh6+ Kf6 15. 0-0-0 b4 16. Nd5+ Nxd5 17. exd5 Ne7 18. f4 Ba6 19. Qg5+ Kg7 20. Rh6 Rh8 21. Rdh1 Rxh6 22. Qxh6+ Kf6 23. g4 Qf8 24. Qg5+ Kg7 25. fxe5 dxe5 26. Ng3 f4 27. Qxe5+ 1-0

[Event "Forni di Sopra op 3rd"]
[Site "Forni di Sopra"]
[Date "2012.06.18"]
[Round "3"]
[White "Marsili, Riccardo"]
[Black "Castellano, Alfonso"]
[Result "1-0"]
[WhiteElo "2041"]
[BlackElo "1988"]
[PlyCount "76"]
[EventDate "2012.06.16"]
[EventType "swiss"]
[EventRounds "9"]
[EventCountry "ITA"]
[SourceTitle "CBM 149 Extra"]
[Source "ChessBase"]
[SourceDate "2012.08.24"]
[SourceVersion "1"]
[SourceVersionDate "2012.08.24"]
[SourceQuality "1"]

1. e4 c5 2. Nf3 d6 3. d4 cxd4 4. Nxd4 Nf6 5. Nc3 a6 6. f3 e5 7. Nb3 Be6 8. Be3 Nbd7 9. Qd2 Be7 10. 0-0-0 Rc8 11. g4 b5 12. Kb1 0-0 13. h4 Nb6 14. h5 Nfd7 15. g5 f5 16. g6 f4 17. gxh7+ Kh8 18. Bf2 Nf6 19. Bxb6 Qxb6 20. Bh3 Bxh3 21. Rxh3 b4 22. Nd5 Nxd5 23. exd5 Bf6 24. Qg2 Qc7 25. Rh2 a5 26. Rc1 e4 27. Nd2 a4 28. Nxe4 Be5 29. Rhh1 Qb6 30. Qf2 Bd4 31. Qg2 Bxb2 32. Kxb2 a3+ 33. Ka1 Qd4+ 34. c3 bxc3 35. Rhd1 Qa4 36. h6 gxh6 37. Rg1 Qd4 38. Qf2 Rf7 1-0

[Event "Forni di Sopra op 3rd"]
[Site "Forni di Sopra"]
[Date "2012.06.17"]
[Round "2"]
[White "Castellano, Alfonso"]
[Black "Ceschia, Ivano"]
[Result "0-1"]
[WhiteElo "1988"]
[BlackElo "2329"]
[PlyCount "63"]
[EventDate "2012.06.16"]
[EventType "swiss"]
[EventRounds "9"]
[EventCountry "ITA"]
[SourceTitle "CBM 149 Extra"]
[Source "ChessBase"]
[SourceDate "2012.08.24"]
[SourceVersion "1"]
[SourceVersionDate "2012.08.24"]
[SourceQuality "1"]

1. c4 c5 2. g3 Nf6 3. Bg2 g6 4. Nc3 Bg7 5. Nf3 Nc6 6. 0-0 0-0 7. d4 cxd4 8. Nxd4 Ng4 9. e3 Nge5 10. b3 d6 11. Bb2 Bg4 12. f3 Bd7 13. Qd2 Rc8 14. Nd5 e6 15. Nc3 Na5 16. Ne4 Naxc4 17. bxc4 Nxc4 18. Qe2 d5 19. Nc3 Qb6 20. Rab1 Nxe3 21. Nxd5 Nxd5 22. Qf2 e5 23. Ba1 Qa6 24. Nb3 Bf5 25. Rbc1 Rxc1 26. Rxc1 Nb4 27. Nc5 Qxa2 28. Qe1 Nc2 29. Qd2 Qa3 30. Nd7 Bxd7 31. Qxc2 Qe3+ 32. Kh1 0-1

[Event "Forni di Sopra op 3rd"]
[Site "Forni di Sopra"]
[Date "2012.06.16"]
[Round "1"]
[White "Bonfa, Ileano"]
[Black "Castellano, Alfonso"]
[Result "1/2-1/2"]
[WhiteElo "2265"]
[BlackElo "1988"]
[PlyCount "64"]
[EventDate "2012.06.16"]
[EventType "swiss"]
[EventRounds "9"]
[EventCountry "ITA"]
[SourceTitle "CBM 149 Extra"]
[Source "ChessBase"]
[SourceDate "2012.08.24"]
[SourceVersion "1"]
[SourceVersionDate "2012.08.24"]
[SourceQuality "1"]

1. c4 Nf6 2. g3 g6 3. Bg2 Bg7 4. Nc3 e6 5. e4 d6 6. Nge2 e5 7. d3 Be6 8. 0-0 0-0 9. b3 Na6 10. Bb2 c5 11. Nd5 Nxd5 12. cxd5 Bd7 13. f4 f5 14. Kh1 Rb8 15. fxe5 dxe5 16. Qd2 Bc8 17. Rac1 b6 18. Nc3 Nc7 19. Nb1 Nb5 20. Na3 Nd4 21. Nc2 Qd6 22. Nxd4 exd4 23. Rce1 Bd7 24. Bc1 Rbe8 25. Rf2 Re7 26. Qd1 Be5 27. Bg5 Ref7 28. Bh6 Re8 29. Ref1 Bg7 30. Bf4 Be5 31. Bh6 Bg7 32. Bf4 Be5 1/2-1/2

[Event "Brno op 2nd"]
[Site "Brno"]
[Date "2011.11.15"]
[Round "4"]
[White "Castellano, Alfonso"]
[Black "Paseka, Christian"]
[Result "1-0"]
[WhiteElo "1935"]
[BlackElo "1749"]
[PlyCount "56"]
[EventDate "2011.11.12"]
[EventType "swiss"]
[EventRounds "9"]
[EventCountry "CZE"]
[SourceTitle "EXT 2012"]
[Source "ChessBase"]
[SourceDate "2011.11.24"]
[SourceVersion "1"]
[SourceVersionDate "2011.11.24"]
[SourceQuality "1"]

1. c4 e6 2. Nf3 Nf6 3. g3 d5 4. Bg2 Be7 5. 0-0 0-0 6. b3 c6 7. Bb2 Nbd7 8. d3 b6 9. Nbd2 Bb7 10. Qc2 Rc8 11. Rad1 Qc7 12. e4 dxe4 13. Nxe4 c5 14. Rfe1 Rfe8 15. Bc3 Qb8 16. Qb2 Qa8 17. Qe2 Rcd8 18. Nfg5 Nxe4 19. Nxe4 e5 20. Bh3 f6 21. Be6+ Kh8 22. Qg4 Bc8 23. Bf7 Rf8 24. Qh5 Qc6 25. Bg6 h6 26. Bd2 f5 27. Bxh6 Nf6 28. Nxf6 Rd6 1-0

[Event "Brno op 2nd"]
[Site "Brno"]
[Date "2011.11.12"]
[Round "1"]
[White "Potapov, Alexander1111"]
[Black "Castellano, Alfonso"]
[Result "1-0"]
[WhiteElo "2396"]
[BlackElo "1935"]
[PlyCount "59"]
[EventDate "2011.11.12"]
[EventType "swiss"]
[EventRounds "9"]
[EventCountry "CZE"]
[SourceTitle "EXT 2012"]
[Source "ChessBase"]
[SourceDate "2011.11.24"]
[SourceVersion "1"]
[SourceVersionDate "2011.11.24"]
[SourceQuality "1"]

1. d4 Nf6 2. c4 g6 3. Nc3 Bg7 4. e4 d6 5. h3 0-0 6. Bg5 h6 7. Be3 Nc6 8. Qd2 Kh7 9. d5 Ne5 10. f4 Ned7 11. Bd3 e5 12. dxe6 fxe6 13. Nf3 e5 14. g3 Qe7 15. 0-0-0 Nb6 16. b3 Bd7 17. Bc2 Nh5 18. f5 g5 19. g4 Nf4 20. h4 Kg8 21. hxg5 hxg5 22. Qh2 Rf6 23. Qh7+ Kf7 24. Nxg5+ Kf8 25. Rd2 d5 26. exd5 Nxc4 27. bxc4 Qa3+ 28. Kb1 Qxc3 29. Bc5+ Rd6 30. f6 1-0

[Event "Mogliano Veneto op 32nd"]
[Site "Mogliano Veneto"]
[Date "2011.04.29"]
[Round "1"]
[White "Quaranta, Cristiano"]
[Black "Castellano, Alfonso"]
[Result "1-0"]
[WhiteElo "2130"]
[BlackElo "1909"]
[PlyCount "99"]
[EventDate "2011.04.29"]
[EventType "swiss"]
[EventRounds "5"]
[EventCountry "ITA"]
[SourceTitle "EXT 2023"]
[Source "ChessBase"]
[SourceDate "2022.10.05"]
[SourceVersion "1"]
[SourceVersionDate "2022.10.05"]
[SourceQuality "1"]

1. d4 Nf6 2. c4 g6 3. Nc3 Bg7 4. e4 d6 5. Nge2 0-0 6. Ng3 e5 7. d5 a5 8. Be2 Na6 9. h4 h5 10. Bg5 Qe8 11. Nb5 Bd7 12. Qd2 Bxb5 13. cxb5 Nc5 14. f3 a4 15. Rc1 Nfd7 16. Kf1 f5 17. exf5 gxf5 18. f4 Ne4 19. Nxe4 fxe4 20. Qd1 exf4 21. Bxh5 Qe5 22. Rxc7 Qxb2 23. Qc1 Qxb5+ 24. Be2 Qb4 25. Rc4 Qb6 26. Bg4 Nc5 27. h5 Nd3 28. Be6+ Kh8 29. Qc2 Qe3 30. Qe2 Qb6 31. Qc2 f3 32. g4 Qb5 33. Rxe4 f2 34. Bf4 Rac8 35. Bxc8 Nc1+ 36. Qc4 Qxc4+ 37. Rxc4 Nxa2 38. Bf5 b5 39. Rc2 Nc3 40. Kxf2 a3 41. Bd2 Nxd5 42. Rb1 Bb2 43. Rcxb2 axb2 44. Rxb2 Rb8 45. Bd3 Nc7 46. Kg3 Kg7 47. Bf4 Ne6 48. Bxd6 Rb6 49. Be5+ Kf7 50. Rxb5 1-0

[Event "Cento op 1st"]
[Site "Cento"]
[Date "2011.02.10"]
[Round "6"]
[White "Castellano, Alfonso"]
[Black "Carletti, Davide"]
[Result "1-0"]
[WhiteElo "1928"]
[BlackElo "1702"]
[PlyCount "119"]
[EventDate "2011.02.05"]
[EventType "swiss"]
[EventRounds "9"]
[EventCountry "ITA"]
[SourceTitle "CBM 140 Extra"]
[Source "ChessBase"]
[SourceDate "2011.03.01"]
[SourceVersion "1"]
[SourceVersionDate "2011.03.01"]
[SourceQuality "1"]

1. c4 e5 2. g3 Nf6 3. Bg2 Bc5 4. Nc3 d6 5. e3 0-0 6. Nge2 c6 7. d4 exd4 8. exd4 Bb6 9. 0-0 d5 10. c5 Bc7 11. Qd3 b6 12. Re1 bxc5 13. dxc5 Na6 14. Be3 Nb4 15. Qd2 Be5 16. a3 Na6 17. b4 Nc7 18. Bd4 Nd7 19. f4 Bf6 20. Bxf6 Nxf6 21. Nd4 Bd7 22. Nf3 a5 23. Ne5 axb4 24. axb4 Rb8 25. Rab1 Na6 26. Na4 Ng4 27. Nxd7 Qxd7 28. Nb6 Qd8 29. Qe2 Nf6 30. Qxa6 Re8 31. Qd3 Qc7 32. Qd2 Ne4 33. Bxe4 dxe4 34. Rbd1 f5 35. Qa2+ Qf7 36. Qxf7+ Kxf7 37. Rd7+ Kg8 38. Kf2 h6 39. Ra1 Kh7 40. Raa7 Rg8 41. Rdc7 Rbd8 42. Nd7 Kh8 43. Rxc6 Rge8 44. b5 e3+ 45. Ke2 Re4 46. Rd6 Rde8 47. Ne5 Rb4 48. b6 Rb2+ 49. Kxe3 g5 50. Rxh6+ Kg8 51. Rg6+ Kh8 52. Rxg5 Rb1 53. b7 Rb3+ 54. Kd4 Rd8+ 55. Kc4 Rb1 56. Nf7+ Kh7 57. Nxd8 Kh6 58. Ne6 Rxb7 59. Rg6+ Kh5 60. Rxb7 1-0

[Event "Cento op 1st"]
[Site "Cento"]
[Date "2011.02.09"]
[Round "5"]
[White "Frigieri, Fabrizio"]
[Black "Castellano, Alfonso"]
[Result "1-0"]
[WhiteElo "2161"]
[BlackElo "1928"]
[PlyCount "75"]
[EventDate "2011.02.05"]
[EventType "swiss"]
[EventRounds "9"]
[EventCountry "ITA"]
[SourceTitle "CBM 140 Extra"]
[Source "ChessBase"]
[SourceDate "2011.03.01"]
[SourceVersion "1"]
[SourceVersionDate "2011.03.01"]
[SourceQuality "1"]

1. e4 c5 2. Nf3 d6 3. d4 cxd4 4. Nxd4 Nf6 5. Nc3 a6 6. Bg5 e6 7. f4 Qc7 8. Qf3 b5 9. Bxf6 gxf6 10. 0-0-0 b4 11. Nce2 Bb7 12. Qh5 Bxe4 13. Ng3 Bg6 14. Qf3 Ra7 15. f5 b3 16. fxg6 bxa2 17. gxf7+ Ke7 18. Ngf5+ Kd7 19. Qa3 a1Q+ 20. Qxa1 exf5 21. Qa2 Be7 22. Qe6+ Kd8 23. Qxf5 Qd7 24. Qa5+ Kc8 25. Bc4 Qc7 26. Qf5+ Nd7 27. Qe6 Kd8 28. Nf5 Nc5 29. Qe2 Qb6 30. Rhe1 Rb7 31. b3 Qa5 32. Kb1 Na4 33. Rd3 Qxf5 34. Bxa6 Rxb3+ 35. Ka1 Qd7 36. Rxb3 Nc5 37. Rb8+ Kc7 38. Bb5 1-0

[Event "Cento op 1st"]
[Site "Cento"]
[Date "2011.02.08"]
[Round "4"]
[White "Castellano, Alfonso"]
[Black "Gioga, Michele"]
[Result "1/2-1/2"]
[WhiteElo "1928"]
[BlackElo "1682"]
[PlyCount "71"]
[EventDate "2011.02.05"]
[EventType "swiss"]
[EventRounds "9"]
[EventCountry "ITA"]
[SourceTitle "CBM 140 Extra"]
[Source "ChessBase"]
[SourceDate "2011.03.01"]
[SourceVersion "1"]
[SourceVersionDate "2011.03.01"]
[SourceQuality "1"]

1. c4 e5 2. g3 Nf6 3. Bg2 g6 4. Nc3 Bg7 5. e4 d6 6. Nge2 Be6 7. 0-0 0-0 8. d3 Qc8 9. Nd5 Nxd5 10. cxd5 Bh3 11. Be3 Bxg2 12. Kxg2 f5 13. Qd2 fxe4 14. dxe4 Na6 15. Rac1 Qd7 16. Ng1 Qa4 17. b4 Rf7 18. Rb1 Qd7 19. Nf3 Bf6 20. h3 Kh8 21. Rfc1 Be7 22. Ng5 Bxg5 23. Bxg5 Raf8 24. Rf1 h5 25. f4 exf4 26. gxf4 Kh7 27. a3 Re8 28. Qd3 Ref8 29. Qe2 Kg8 30. Rb3 Re8 31. Rg3 Kh7 32. f5 Rxf5 33. Rxf5 Qxf5 34. exf5 Rxe2+ 35. Kf3 Rc2 36. fxg6+ 1/2-1/2

[Event "Cento op 1st"]
[Site "Cento"]
[Date "2011.02.05"]
[Round "1"]
[White "Piscopo, Pierluigi"]
[Black "Castellano, Alfonso"]
[Result "1-0"]
[WhiteElo "2406"]
[BlackElo "1928"]
[PlyCount "47"]
[EventDate "2011.02.05"]
[EventType "swiss"]
[EventRounds "9"]
[EventCountry "ITA"]
[SourceTitle "CBM 140 Extra"]
[Source "ChessBase"]
[SourceDate "2011.03.01"]
[SourceVersion "1"]
[SourceVersionDate "2011.03.01"]
[SourceQuality "1"]

1. e4 c5 2. Nf3 d6 3. c3 Nf6 4. h3 Nc6 5. Bd3 g6 6. Bc2 e5 7. d3 Bg7 8. a3 a5 9. a4 h6 10. Na3 Be6 11. Nd2 Nh5 12. Ndc4 Na7 13. Ne3 Nf4 14. h4 Qd7 15. Nac4 Nc8 16. g3 Nh5 17. Bb3 Nf6 18. f4 Ng4 19. f5 gxf5 20. exf5 Bxf5 21. Nxf5 Qxf5 22. Rf1 Qg6 23. h5 Qxh5 24. Ne3 1-0

[Event "Udine Oro Caffe op 3rd"]
[Site "Udine"]
[Date "2010.07.07"]
[Round "3"]
[White "Capizzi, Biagio"]
[Black "Castellano, Alfonso"]
[Result "1-0"]
[WhiteElo "1824"]
[BlackElo "1935"]
[PlyCount "75"]
[EventDate "2010.07.05"]
[EventType "swiss"]
[EventRounds "7"]
[EventCountry "ITA"]
[SourceTitle "EXT 2024"]
[Source "ChessBase"]
[SourceDate "2023.10.10"]
[SourceVersion "1"]
[SourceVersionDate "2023.10.10"]
[SourceQuality "1"]

1. d4 Nf6 2. c4 g6 3. Nc3 Bg7 4. e4 d6 5. f3 0-0 6. Be3 Nc6 7. Nge2 e5 8. d5 Ne7 9. Qd2 a6 10. g4 h5 11. gxh5 Nxh5 12. Ng3 Kh7 13. Be2 Ng8 14. Nxh5 gxh5 15. 0-0-0 f5 16. exf5 Bxf5 17. Ne4 Bxe4 18. fxe4 Qh4 19. Rdg1 Bh6 20. Rg3 Bf4 21. Bxf4 exf4 22. Rf3 Ne7 23. Qd3 Ng6 24. Rh3 Qf2 25. Rxh5+ Kg8 26. Rg5 Kf7 27. Bh5 Rg8 28. Rhg1 Ke7 29. Bxg6 Qh4 30. Qf3 Raf8 31. Qg4 Qxg4 32. R5xg4 f3 33. Bf5 Rh8 34. h4 Kf6 35. Rf1 Rhg8 36. Rxf3 Ke5 37. Rxg8 Rxg8 38. h5 1-0

[Event "Udine Oro Caffe op 3rd"]
[Site "Udine"]
[Date "2010.07.06"]
[Round "2"]
[White "Castellano, Alfonso"]
[Black "Tonon, Alessandro"]
[Result "0-1"]
[WhiteElo "1935"]
[BlackElo "2274"]
[PlyCount "56"]
[EventDate "2010.07.05"]
[EventType "swiss"]
[EventRounds "7"]
[EventCountry "ITA"]
[SourceTitle "EXT 2024"]
[Source "ChessBase"]
[SourceDate "2023.10.10"]
[SourceVersion "1"]
[SourceVersionDate "2023.10.10"]
[SourceQuality "1"]

1. c4 e5 2. g3 Nc6 3. Bg2 d6 4. d3 g6 5. Nc3 Bg7 6. e4 f5 7. Nge2 Nf6 8. 0-0 0-0 9. Nd5 Nxd5 10. cxd5 Nd4 11. Nxd4 exd4 12. f4 Re8 13. Qd2 Bd7 14. b4 fxe4 15. dxe4 c6 16. Bb2 Qb6 17. Kh1 cxd5 18. exd5 Bb5 19. Rfe1 Re3 20. Bh3 Rae8 21. Be6+ R8xe6 22. dxe6 Bc6+ 23. Kg1 Qb5 24. e7 Kf7 25. Bxd4 Qd5 26. e8Q+ Rxe8 27. Kf1 Qh1+ 28. Kf2 Qg2# 0-1

[Event "Senigallia Perini Memorial 3rd"]
[Site "Senigallia"]
[Date "2009.08.02"]
[Round "2"]
[White "Castellano, Alfonso"]
[Black "Xia, Jie"]
[Result "0-1"]
[WhiteElo "1952"]
[BlackElo "2206"]
[PlyCount "87"]
[EventDate "2009.08.01"]
[EventType "swiss"]
[EventRounds "9"]
[EventCountry "ITA"]
[SourceTitle "EXT 2010"]
[Source "ChessBase"]
[SourceDate "2010.11.25"]
[SourceVersion "1"]
[SourceVersionDate "2010.11.25"]
[SourceQuality "1"]

1. c4 Nf6 2. Nc3 g6 3. g3 Bg7 4. Bg2 0-0 5. e4 d6 6. Nge2 c5 7. 0-0 Nc6 8. d3 Bd7 9. h3 Ne8 10. Be3 Nc7 11. d4 cxd4 12. Nxd4 Ne6 13. Nde2 Rc8 14. Rc1 a6 15. Qd2 Ne5 16. b3 Nc5 17. f4 Ned3 18. Rcd1 b5 19. Bxc5 Nxc5 20. b4 Na4 21. Nxa4 bxa4 22. c5 Bb5 23. Rf3 dxc5 24. bxc5 Qxd2 25. Rxd2 Rxc5 26. e5 f6 27. Nd4 Rd8 28. exf6 Bxf6 29. Nb3 Rxd2 30. Nxd2 Rc1+ 31. Kh2 Rc2 32. Ne4 Bd4 33. Kh1 Bc6 34. Ra3 Rxg2 35. Kxg2 Bxe4+ 36. Kh2 Bc2 37. g4 Kf7 38. Kg3 Bb2 39. Re3 a3 40. h4 Bb1 41. f5 Bxa2 42. fxg6+ hxg6 43. Rf3+ Kg7 44. Rf1 0-1

[Event "Udine Oro Caffe op 2nd"]
[Site "Udine"]
[Date "2009.07.11"]
[Round "6"]
[White "Pagnutti, Lorenzo"]
[Black "Castellano, Alfonso"]
[Result "1/2-1/2"]
[WhiteElo "2104"]
[BlackElo "1952"]
[PlyCount "75"]
[EventDate "2009.07.06"]
[EventType "swiss"]
[EventRounds "7"]
[EventCountry "ITA"]
[SourceTitle "EXT 2011"]
[Source "ChessBase"]
[SourceDate "2010.11.26"]
[SourceVersion "1"]
[SourceVersionDate "2010.11.26"]
[SourceQuality "1"]

1. e4 c5 2. c3 Nf6 3. e5 Nd5 4. d4 cxd4 5. cxd4 Nc6 6. Nf3 d6 7. Bc4 Nb6 8. Bb5 dxe5 9. Nxe5 Bd7 10. Nxd7 Qxd7 11. 0-0 e6 12. Nc3 Be7 13. Qg4 0-0 14. Bh6 Qxd4 15. Qxd4 Nxd4 16. Bf4 Nxb5 17. Nxb5 Nd5 18. Be5 a6 19. Nc3 Bf6 20. Bxf6 Nxf6 21. Rfd1 Rfd8 22. Kf1 Kf8 23. Ke2 Ke7 24. Rac1 Rxd1 25. Nxd1 Rd8 26. Ne3 Nd5 27. g3 e5 28. Rc5 Nxe3 29. Kxe3 Ke6 30. h4 h5 31. a4 Rd5 32. Rc7 Rd7 33. Rc4 Kd6 34. Rc1 Kd5 35. Rc3 b5 36. axb5 axb5 37. b4 Ke6 38. Rc6+ 1/2-1/2

[Event "Udine Oro Caffe op 2nd"]
[Site "Udine"]
[Date "2009.07.10"]
[Round "5"]
[White "Castellano, Alfonso"]
[Black "Gaspardo, Francesco"]
[Result "1/2-1/2"]
[WhiteElo "1952"]
[BlackElo "1978"]
[PlyCount "25"]
[EventDate "2009.07.06"]
[EventType "swiss"]
[EventRounds "7"]
[EventCountry "ITA"]
[SourceTitle "EXT 2011"]
[Source "ChessBase"]
[SourceDate "2010.11.26"]
[SourceVersion "1"]
[SourceVersionDate "2010.11.26"]
[SourceQuality "1"]

1. c4 e6 2. Nc3 f5 3. g3 Nf6 4. Bg2 d5 5. d4 c6 6. Nf3 Bd6 7. 0-0 0-0 8. Ne5 b6 9. Qc2 Qc7 10. f4 Ne4 11. Nxe4 dxe4 12. Bd2 c5 13. e3 1/2-1/2

[Event "Udine Oro Caffe op 2nd"]
[Site "Udine"]
[Date "2009.07.09"]
[Round "4"]
[White "Visintin, Roberto"]
[Black "Castellano, Alfonso"]
[Result "0-1"]
[WhiteElo "2033"]
[BlackElo "1952"]
[PlyCount "65"]
[EventDate "2009.07.06"]
[EventType "swiss"]
[EventRounds "7"]
[EventCountry "ITA"]
[SourceTitle "EXT 2011"]
[Source "ChessBase"]
[SourceDate "2010.11.26"]
[SourceVersion "1"]
[SourceVersionDate "2010.11.26"]
[SourceQuality "1"]

1. d4 Nf6 2. Nf3 d6 3. Bf4 g6 4. h3 Bg7 5. e3 0-0 6. Nbd2 c6 7. c3 Nbd7 8. Be2 Re8 9. 0-0 e5 10. dxe5 dxe5 11. Bh2 b5 12. a4 Qb6 13. axb5 cxb5 14. Qb3 Rb8 15. Ng5 Re7 16. Qb4 Nd5 17. Qa5 a6 18. c4 Nc7 19. Qb4 Bf8 20. cxb5 axb5 21. Qh4 h6 22. Nge4 Nd5 23. Bd1 f5 24. Bb3 Bb7 25. Nc3 N7f6 26. e4 fxe4 27. Ndxe4 Kg7 28. Nxd5 Nxd5 29. Rfd1 Rd8 30. Rd2 Ne3 31. Rxd8 Nf5 32. Rxf8 Nxh4 33. Rg8+ 0-1

[Event "Udine Oro Caffe op 2nd"]
[Site "Udine"]
[Date "2009.07.07"]
[Round "2"]
[White "Cisilino, Oscar"]
[Black "Castellano, Alfonso"]
[Result "0-1"]
[WhiteElo "1670"]
[BlackElo "1952"]
[PlyCount "65"]
[EventDate "2009.07.06"]
[EventType "swiss"]
[EventRounds "7"]
[EventCountry "ITA"]
[SourceTitle "EXT 2011"]
[Source "ChessBase"]
[SourceDate "2010.11.26"]
[SourceVersion "1"]
[SourceVersionDate "2010.11.26"]
[SourceQuality "1"]

1. c4 Nf6 2. Nc3 c6 3. e4 d6 4. Nf3 g6 5. g3 Bg7 6. Bg2 0-0 7. 0-0 e5 8. d3 Na6 9. a3 Nc7 10. b4 Qe7 11. Bg5 Ne6 12. Bd2 Nc7 13. Rb1 b5 14. cxb5 cxb5 15. Bg5 h6 16. Bd2 Bb7 17. Nh4 a6 18. f4 exf4 19. Bxf4 Ne6 20. Bd2 Nd4 21. Nf3 Ng4 22. h3 Nxf3+ 23. Qxf3 Ne5 24. Qe3 Rac8 25. Rbc1 Qd7 26. Ne2 d5 27. Kh2 dxe4 28. Bxe4 Bxe4 29. Qxe4 Nxd3 30. Rcd1 Nb2 31. Qf4 Nxd1 32. Rxd1 Qd3 33. Qe3 0-1

[Event "Perugia op"]
[Site "Perugia"]
[Date "2009.07.03"]
[Round "8"]
[White "Burani, Eugenio"]
[Black "Castellano, Alfonso"]
[Result "0-1"]
[WhiteElo "1993"]
[BlackElo "1953"]
[PlyCount "64"]
[EventDate "2009.06.27"]
[EventType "swiss"]
[EventRounds "9"]
[EventCountry "ITA"]
[SourceTitle "EXT 2010"]
[Source "ChessBase"]
[SourceDate "2010.11.25"]
[SourceVersion "1"]
[SourceVersionDate "2010.11.25"]
[SourceQuality "1"]

1. e4 c5 2. Nf3 d6 3. d4 cxd4 4. Nxd4 Nf6 5. Nc3 a6 6. f4 e5 7. Nf3 Nbd7 8. a4 b6 9. Bc4 Qc7 10. Qe2 Be7 11. 0-0 0-0 12. Kh1 Bb7 13. Nd5 Nxd5 14. exd5 Bf6 15. fxe5 Nxe5 16. Nxe5 Bxe5 17. Be3 Rae8 18. Rf3 Bxb2 19. Raf1 Bd4 20. Bd3 Bxe3 21. Rxe3 Rxe3 22. Qxe3 Bxd5 23. Rf5 Qc6 24. Rh5 Re8 25. Qg3 Bxg2+ 26. Kg1 Be4 27. Rg5 Bg6 28. Bxa6 Qxa4 29. Bd3 Qd4+ 30. Kg2 Bxd3 31. cxd3 Re3 32. Qf2 Rxd3 0-1

[Event "Perugia op"]
[Site "Perugia"]
[Date "2009.06.27"]
[Round "2"]
[White "Castellano, Alfonso"]
[Black "Seravelli, Paolo"]
[Result "1-0"]
[WhiteElo "1953"]
[BlackElo "1804"]
[PlyCount "51"]
[EventDate "2009.06.27"]
[EventType "swiss"]
[EventRounds "9"]
[EventCountry "ITA"]
[SourceTitle "EXT 2010"]
[Source "ChessBase"]
[SourceDate "2010.11.25"]
[SourceVersion "1"]
[SourceVersionDate "2010.11.25"]
[SourceQuality "1"]

1. c4 e5 2. Nc3 Nf6 3. g3 Bc5 4. Bg2 0-0 5. e3 d6 6. Nge2 Nc6 7. d4 exd4 8. exd4 Bb6 9. a3 Re8 10. 0-0 h6 11. b4 a6 12. h3 Ne7 13. Bf4 c6 14. b5 a5 15. Qb3 c5 16. Rad1 Qc7 17. Na4 Nf5 18. dxc5 Bxc5 19. Rfe1 g5 20. b6 Qb8 21. Nxc5 gxf4 22. Qc3 Kg7 23. Nxf4 Rxe1+ 24. Rxe1 dxc5 25. Nh5+ Kg6 26. Qxf6+ 1-0

[Event "Perugia op"]
[Site "Perugia"]
[Date "2009.06.27"]
[Round "1"]
[White "Djuric, Stefan"]
[Black "Castellano, Alfonso"]
[Result "1-0"]
[WhiteElo "2447"]
[BlackElo "1953"]
[PlyCount "45"]
[EventDate "2009.06.27"]
[EventType "swiss"]
[EventRounds "9"]
[EventCountry "ITA"]
[SourceTitle "EXT 2010"]
[Source "ChessBase"]
[SourceDate "2010.11.25"]
[SourceVersion "1"]
[SourceVersionDate "2010.11.25"]
[SourceQuality "1"]

1. e4 c5 2. Nf3 d6 3. Nc3 Nf6 4. d4 cxd4 5. Nxd4 a6 6. f4 e5 7. Nf3 Nbd7 8. Bd3 Be7 9. 0-0 0-0 10. Kh1 b5 11. Qe1 Bb7 12. a3 Re8 13. fxe5 Nxe5 14. Nxe5 dxe5 15. Qg3 Kh8 16. Be3 Rc8 17. Rad1 Qc7 18. a4 b4 19. Nd5 Bxd5 20. exd5 Qd6 21. Qh3 g6 22. a5 Bd8 23. Qxc8 1-0

[Event "Padova op 11th"]
[Site "Padova"]
[Date "2008.12.18"]
[Round "6"]
[White "Isatto, Davide"]
[Black "Castellano, Alfonso"]
[Result "0-1"]
[WhiteElo "1943"]
[BlackElo "1967"]
[PlyCount "120"]
[EventDate "2008.12.13"]
[EventType "swiss"]
[EventRounds "9"]
[EventCountry "ITA"]
[SourceTitle "CBM 127 Extra"]
[Source "ChessBase"]
[SourceDate "2009.01.08"]
[SourceVersion "2"]
[SourceVersionDate "2009.01.28"]
[SourceQuality "1"]

1. d4 Nf6 2. Nf3 g6 3. Nbd2 d5 4. c3 Bg7 5. e3 Nbd7 6. Bd3 0-0 7. 0-0 b6 8. Re1 Bb7 9. Qc2 c5 10. b3 Rc8 11. Bb2 Re8 12. Rac1 Nh5 13. g4 Nhf6 14. h3 Rc7 15. Qb1 Qa8 16. Ne5 Ne4 17. Bxe4 dxe4 18. Nxd7 Rxd7 19. Red1 Red8 20. Nf1 Ba6 21. Qa1 c4 22. a4 Qd5 23. Nd2 Qe6 24. bxc4 Bxc4 25. Nxc4 Qxc4 26. Qb1 Qe2 27. Qc2 Qf3 28. c4 f5 29. d5 fxg4 30. hxg4 Qxg4+ 31. Kf1 Bxb2 32. Qxb2 Qf3 33. Qe5 Rf8 34. Qh2 Qxe3 35. Re1 Qf3 36. Qg2 Qxg2+ 37. Kxg2 Rf4 38. Re3 Rc7 39. Kf1 Kg7 40. Ke2 Kf6 41. Rc2 Kf5 42. Rh3 h5 43. Ke3 Rc5 44. f3 exf3 45. Rxf3 Rxf3+ 46. Kxf3 g5 47. Ke3 h4 48. Kd4 h3 49. Re2 Rc7 50. a5 Kg4 51. axb6 axb6 52. Re4+ Kf3 53. Re3+ Kg2 54. Kd3 g4 55. Re2+ Kf1 56. Rh2 Kg1 57. Re2 h2 58. Re1+ Kg2 59. Re2+ Kh3 60. Re1 g3 0-1